[Event "18th Condom Closed Tournament - MI"]
[Site "Condom"]
[Date "2019.07.17"]
[Round "6.5"]
[White "Grollemund, Bertrand"]
[Black "Boyer, Mahel"]
[Result "0-1"]
[WhiteElo "2203"]
[BlackElo "2295"]
[PlyCount "140"]
[EventDate "2019.??.??"]
[WhiteTeam "Echecs Club Montpellier"]
[BlackTeam "Echiquier Nimois"]

1. e4 e6 2. d4 d5 3. e5 c5 4. c3 Nc6 5. Nf3 Nh6 6. Bd3 Qb6 7. O-O cxd4 8. cxd4
Nf5 9. Bxf5 exf5 10. Nc3 Be6 11. Ne2 Be7 12. h4 O-O 13. b3 Rfc8 14. Bg5 Ba3 15.
Qd2 Qb4 16. Qe3 h6 17. Bf4 Qf8 18. Rfd1 Nb4 19. Ne1 Rc6 20. Rd2 Rac8 21. Rad1
Kh7 22. Nd3 Nxd3 23. Rxd3 Rc2 24. R3d2 Bb4 25. Rxc2 Rxc2 26. a4 Qd8 27. Qd3 Rc6
28. g3 Kg8 29. h5 Ba3 30. Bc1 Bxc1 31. Rxc1 Rxc1+ 32. Nxc1 Qg5 33. Qd1 f4 34.
Kg2 fxg3 35. fxg3 Bg4 36. Qe1 Qxh5 37. Qe3 Bf5 38. Ne2 Be4+ 39. Kf2 Qh1 40. Nf4
Qd1 41. e6 Qc2+ 42. Ke1 Qb1+ 43. Kd2 Qc2+ 44. Ke1 fxe6 45. Nxe6 Qb1+ 46. Kd2
Qc2+ 47. Ke1 Qc6 48. Nf4 Qf6 49. Qc3 Kh7 50. a5 Qg5 51. Kf2 Qg4 52. Ke1 Qf5 53.
Qb4 Qg5 54. Qc3 Qg4 55. Qe3 Qc8 56. Ne2 Qh3 57. Nf4 Qh1+ 58. Kd2 Qa1 59. Qc3
Qxc3+ 60. Kxc3 g5 61. Ne6 Kg6 62. Kd2 Kf5 63. Nc5 Kg4 64. Ke3 h5 65. Kf2 h4 66.
gxh4 gxh4 67. Kg1 b6 68. axb6 axb6 69. Nd7 Kg3 70. Nf6 Bf3 0-1

[Event "18th Condom Closed Tournament - MI"]
[Site "Condom"]
[Date "2019.07.18"]
[Round "7.1"]
[White "Vedmediuc, Serghei"]
[Black "Laurent-Paoli, Pierre"]
[Result "1-0"]
[WhiteElo "2450"]
[BlackElo "2362"]
[PlyCount "157"]
[EventDate "2019.??.??"]
[WhiteTeam "Mulhouse Philidor"]
[BlackTeam "Echecs Club Montpellier"]

1. e4 Nc6 2. Nf3 d6 3. d4 Nf6 4. c3 g6 5. Bd3 Bg7 6. O-O O-O 7. Re1 e5 8. Nbd2
Nh5 9. Nb3 h6 10. Bb5 Bd7 11. Bxc6 Bxc6 12. dxe5 dxe5 13. Qxd8 Rfxd8 14. Na5
Rd6 15. Nxc6 Rxc6 16. Be3 Re8 17. Rad1 Nf6 18. Nd2 Rd6 19. f3 Red8 20. Kf1 b6
21. Ke2 Kf8 22. a4 Ke7 23. a5 Ke6 24. Rc1 Ne8 25. Nc4 Rc6 26. Na3 Nd6 27. Red1
Rb8 28. axb6 axb6 29. Nc2 Nc4 30. Nb4 Rd6 31. Rxd6+ Kxd6 32. b3 Na5 33. Rb1 c6
34. c4 Ke6 35. c5 b5 36. Ra1 Nxb3 37. Ra6 Rc8 38. Nxc6 Kd7 39. Na7 Nxc5 40. Ra5
Nb7 41. Rxb5 Rc7 42. Kd3 Nd6 43. Rd5 Ke6 44. Bb6 Rc1 45. Ra5 Kd7 46. Be3 Rb1
47. Rd5 Rb3+ 48. Kd2 Ke6 49. Bc5 Nb7 50. Nc6 Nxc5 51. Rxc5 h5 52. Kc2 Re3 53.
Kd1 Rb3 54. Rc2 Rb5 55. Rc4 Rb1+ 56. Rc1 Rb3 57. Na5 Rb2 58. Rc6+ Ke7 59. Rc2
Rb5 60. Rc7+ Kf6 61. Nc4 Ke6 62. Rxf7 Rb1+ 63. Kc2 Kxf7 64. Kxb1 Ke6 65. Kc2
Bf8 66. Kb3 Bc5 67. Ka4 Kf6 68. Kb5 Bg1 69. h3 Bd4 70. Kc6 Kg5 71. Kd5 Kf4 72.
h4 Bc3 73. Ke6 Kg3 74. Nxe5 Kxg2 75. Nxg6 Kxf3 76. Kf5 Bd2 77. e5 Bb4 78. e6
Kg3 79. Kg5 1-0

[Event "18th Condom Closed Tournament - MI"]
[Site "Condom"]
[Date "2019.07.18"]
[Round "7.2"]
[White "Grishchenko, Sergey"]
[Black "Lamard, Guillaume"]
[Result "0-1"]
[WhiteElo "2423"]
[BlackElo "2401"]
[PlyCount "182"]
[EventDate "2019.??.??"]
[BlackTeam "Cannes Echecs"]

1. d4 Nf6 2. c4 e6 3. Nc3 Bb4 4. e3 O-O 5. Nge2 Re8 6. a3 Bf8 7. g3 d5 8. cxd5
exd5 9. Bg2 a5 10. O-O Na6 11. Nf4 c6 12. f3 c5 13. dxc5 Nxc5 14. b3 a4 15.
bxa4 Bd7 16. Kh1 Bc6 17. Nb5 Nxa4 18. Nd4 Nb6 19. Nxc6 bxc6 20. Qc2 Nc4 21. e4
Bxa3 22. Bxa3 Nxa3 23. Qxc6 dxe4 24. fxe4 Rc8 25. Qb7 Rc7 26. Qb3 Nc4 27. Rfd1
Qe7 28. Nd5 Nxd5 29. exd5 Nd6 30. Qb4 Rc4 31. Qd2 Qc7 32. Rac1 Rxc1 33. Rxc1
Qe7 34. Qf4 g6 35. Bf3 Ra8 36. Qd4 h5 37. Rb1 Qc7 38. Qe5 Qc2 39. Ra1 Rxa1+ 40.
Qxa1 Qf2 41. Qd1 Nf5 42. Qe2 Qd4 43. Qe4 Qc3 44. Kg1 Ne3 45. Kf2 Qd2+ 46. Be2
Nxd5 47. Qd3 Qa5 48. Qd4 Ne7 49. h4 Nf5 50. Qf4 Qc5+ 51. Kg2 Qd5+ 52. Kf2 Qh1
53. Qf3 Qc1 54. Bd3 Qc5+ 55. Kf1 Ne3+ 56. Kf2 Ng4+ 57. Kg2 Qd4 58. Be2 Ne5 59.
Qf4 Qb2 60. Kf1 Kg7 61. Qe4 Qc3 62. Kf2 Nc6 63. Bc4 Qf6+ 64. Kg2 Nd4 65. Bd3
Qd6 66. Qe3 Qc5 67. Qf4 Qd5+ 68. Qe4 Qa2+ 69. Kg1 Qa1+ 70. Kg2 Qb2+ 71. Kf1 Nf5
72. Qf4 Nh6 73. Be2 Qc3 74. Qf3 Qd4 75. Qd3 Qe5 76. Kf2 Nf5 77. Bd1 Qc5+ 78.
Kg2 Ne3+ 79. Kh2 Qc1 80. Be2 Nf5 81. Bd1 Qb2+ 82. Kg1 Nxg3 83. Qxg3 Qd4+ 84.
Kg2 Qxd1 85. Qe5+ Kh7 86. Qf6 Qe2+ 87. Kg3 Qe6 88. Qd8 Qe5+ 89. Kf2 Kg7 90. Qd7
Qe6 91. Qd8 Qf6+ 0-1

[Event "18th Condom Closed Tournament - MI"]
[Site "Condom"]
[Date "2019.07.18"]
[Round "7.3"]
[White "Nieves Cabanes, Jose Manuel"]
[Black "Le Hetet, Nicolas"]
[Result "1-0"]
[WhiteElo "2289"]
[BlackElo "2392"]
[PlyCount "113"]
[EventDate "2019.??.??"]
[BlackTeam "Echiquier Agenais"]

1. d4 d5 2. c4 c6 3. Nc3 Nf6 4. Nf3 e6 5. e3 Nbd7 6. Qc2 Bd6 7. Be2 O-O 8. O-O
dxc4 9. Bxc4 b5 10. Bd3 Bb7 11. Ng5 Bxh2+ 12. Kxh2 Ng4+ 13. Kg1 Qxg5 14. f3
Ngf6 15. e4 Qh4 16. Be3 a5 17. e5 Ne8 18. Ne4 f5 19. exf6 Ndxf6 20. Nc5 Bc8 21.
Bf2 Qh6 22. a4 Nd6 23. Nb3 Nc4 24. axb5 cxb5 25. Bxc4 bxc4 26. Qxc4 Nd5 27. Nc5
Nf4 28. Bg3 Nd5 29. Rfe1 Qg6 30. Kf2 Ra7 31. Bd6 Rd8 32. Bb8 Ra8 33. Be5 Rf8
34. Ra3 Nb4 35. Re4 Ba6 36. Qxe6+ Qxe6 37. Nxe6 Nd3+ 38. Kg3 Rfc8 39. Bxg7 Bc4
40. Nc5 Nxb2 41. Be5 Rc6 42. Rg4+ Rg6 43. Rxg6+ hxg6 44. d5 Rc8 45. Ne4 Nd3 46.
Nd6 Rc5 47. Nxc4 Rxd5 48. Ba1 Rg5+ 49. Kh2 Nf4 50. Ra2 a4 51. Be5 Nd3 52. Bd6
Kf7 53. Rxa4 Ne1 54. Bg3 Nc2 55. Nd6+ Ke6 56. Ne4 Rb5 57. Ra6+ 1-0

[Event "18th Condom Closed Tournament - MI"]
[Site "Condom"]
[Date "2019.07.18"]
[Round "7.4"]
[White "Favarel, Julien"]
[Black "Grollemund, Bertrand"]
[Result "1-0"]
[WhiteElo "2366"]
[BlackElo "2203"]
[PlyCount "79"]
[EventDate "2019.??.??"]
[WhiteTeam "Bordeaux ASPOM Echecs"]
[BlackTeam "Echecs Club Montpellier"]

1. e4 c5 2. Nf3 Nc6 3. d4 cxd4 4. Nxd4 Nf6 5. Nc3 e5 6. Ndb5 d6 7. Nd5 Nxd5 8.
exd5 Nb8 9. a4 Be7 10. Be2 O-O 11. O-O Bf5 12. f4 exf4 13. Bxf4 Bg6 14. Kh1 a6
15. Nd4 Nd7 16. a5 Qc7 17. c4 Bf6 18. Be3 Rfe8 19. Bg1 Rac8 20. b4 Ne5 21. Rc1
Qd7 22. Bf2 Be4 23. Kg1 h5 24. h3 h4 25. Qd2 Qe7 26. Rc3 Ng6 27. Bg4 Rc7 28.
Re1 Qd8 29. Rcc1 Rce7 30. Ne6 fxe6 31. Rxe4 e5 32. Bb6 Qb8 33. c5 Nf4 34. c6
Rc7 35. Bxc7 Qxc7 36. cxb7 Qxb7 37. Rc6 Bg5 38. Qc2 Qa7+ 39. Kh2 Qe7 40. Bc8
1-0

[Event "18th Condom Closed Tournament - MI"]
[Site "Condom"]
[Date "2019.07.18"]
[Round "7.5"]
[White "Boyer, Mahel"]
[Black "Villegas, Pierre"]
[Result "1/2-1/2"]
[WhiteElo "2295"]
[BlackElo "2349"]
[PlyCount "35"]
[EventDate "2019.??.??"]
[WhiteTeam "Echiquier Nimois"]
[BlackTeam "C.E.M.C. Monaco"]

1. Nf3 d5 2. g3 Nf6 3. Bg2 c5 4. O-O Nc6 5. d4 cxd4 6. Nxd4 e5 7. Nxc6 bxc6 8.
c4 Be6 9. Qa4 Qd7 10. Nc3 Rc8 11. cxd5 cxd5 12. Qxd7+ Kxd7 13. Rd1 Bc5 14. Nxd5
Nxd5 15. Bxd5 Bxd5 16. Rxd5+ Ke6 17. Rd1 Rhd8 18. Bg5 1/2-1/2

[Event "18th Condom Closed Tournament - MI"]
[Site "Condom"]
[Date "2019.07.19"]
[Round "8.1"]
[White "Favarel, Julien"]
[Black "Vedmediuc, Serghei"]
[Result "0-1"]
[WhiteElo "2366"]
[BlackElo "2450"]
[PlyCount "48"]
[EventDate "2019.??.??"]
[WhiteTeam "Bordeaux ASPOM Echecs"]
[BlackTeam "Mulhouse Philidor"]

1. e4 c6 2. d4 d5 3. exd5 cxd5 4. c3 Nc6 5. Nf3 Nf6 6. Bf4 a6 7. h3 Bf5 8. Nh4
Be4 9. Nd2 e6 10. Nxe4 Nxe4 11. Nf3 Bd6 12. Be3 O-O 13. Bd3 f5 14. O-O Kh8 15.
Bxe4 fxe4 16. Ng5 Qe8 17. Qg4 Rf6 18. h4 h6 19. f3 Kg8 20. c4 hxg5 21. hxg5 Rf8
22. g6 Rf6 23. cxd5 Rxg6 24. Qxe4 Nb4 0-1

[Event "18th Condom Closed Tournament - MI"]
[Site "Condom"]
[Date "2019.07.19"]
[Round "8.3"]
[White "Lamard, Guillaume"]
[Black "Boyer, Mahel"]
[Result "0-1"]
[WhiteElo "2401"]
[BlackElo "2295"]
[PlyCount "96"]
[EventDate "2019.??.??"]
[WhiteTeam "Cannes Echecs"]
[BlackTeam "Echiquier Nimois"]

1. e4 Nc6 2. Nf3 d6 3. d4 Nf6 4. Nc3 g6 5. Bb5 a6 6. Bxc6+ bxc6 7. O-O Bg7 8.
h3 O-O 9. Bg5 Rb8 10. Rb1 h6 11. Be3 Bb7 12. Qd3 Nd7 13. Ne2 Kh7 14. Ng3 e6 15.
Qd2 f5 16. exf5 exf5 17. h4 c5 18. d5 Qf6 19. Ne2 Ne5 20. Nxe5 dxe5 21. Bxc5
Rfd8 22. c4 Qxh4 23. b3 f4 24. f3 g5 25. Qd3+ Kh8 26. Qg6 g4 27. Qxg4 Qxg4 28.
fxg4 Rg8 29. Nc3 Bc8 30. Ne4 Bxg4 31. Rbe1 Bf5 32. Kf2 Kh7 33. g3 Bh8 34. gxf4
exf4 35. Kf3 Be5 36. Ng5+ hxg5 37. Rxe5 Kg6 38. Re7 Rh8 39. Bd4 Rh3+ 40. Kg2
Rd3 41. Rg7+ Kh5 42. Rh1+ Kg4 43. Rg1 Rd2+ 44. Kh1+ Kh3 45. R1xg5 Rd1+ 46. Bg1
Be4+ 47. Rg2 Bxg2+ 48. Rxg2 f3 0-1

[Event "18th Condom Closed Tournament - MI"]
[Site "Condom"]
[Date "2019.07.19"]
[Round "8.4"]
[White "Laurent-Paoli, Pierre"]
[Black "Nieves Cabanes, Jose Manuel"]
[Result "1-0"]
[WhiteElo "2362"]
[BlackElo "2289"]
[PlyCount "217"]
[EventDate "2019.??.??"]
[WhiteTeam "Echecs Club Montpellier"]

1. d4 Nf6 2. c4 e6 3. Nf3 b6 4. e3 Bb7 5. Bd3 c5 6. Nc3 cxd4 7. exd4 Be7 8. O-O
O-O 9. d5 Bb4 10. Bg5 Bxc3 11. bxc3 h6 12. Bh4 d6 13. Nd4 exd5 14. cxd5 Bxd5
15. c4 Bb7 16. Nf5 Nbd7 17. Nxd6 Qc7 18. Re1 Qc6 19. Nxb7 Qxb7 20. Bf5 Qc6 21.
Qd4 Rfe8 22. h3 Nc5 23. Rad1 Nfe4 24. Re3 Ng5 25. Rde1 Rxe3 26. Rxe3 Nce6 27.
Qd5 Qxd5 28. cxd5 Nf4 29. d6 Rd8 30. d7 Kf8 31. g3 Nd5 32. Rd3 Nf6 33. f4 Ne6
34. Rc3 Rxd7 35. Rc8+ Ke7 36. g4 Rd1+ 37. Kf2 Rd2+ 38. Ke1 Rxa2 39. g5 hxg5 40.
fxg5 Nd7 41. g6+ f6 42. Bg3 Rg2 43. Bf2 Rg5 44. Bc2 a5 45. Ra8 Ndc5 46. Ra7+
Kd6 47. h4 Re5+ 48. Kf1 f5 49. h5 f4 50. h6 gxh6 51. Bh4 Rh5 52. Be7+ Kd5 53.
Kg2 Re5 54. Bd1 Kc4 55. Bg4 h5 56. Bf6 Re3 57. Bf3 Nd3 58. Bh4 Ne5 59. Bxh5 f3+
60. Kf1 Rd3 61. Re7 Rd1+ 62. Kf2 Nxg6 63. Bxg6 Nd4 64. Bf7+ Kb4 65. Bg5 b5 66.
Rd7 Rd3 67. Bg6 Rd1 68. Bc2 Ra1 69. Rxd4+ Kc3 70. Bg6 Ra2+ 71. Ke3 f2 72. Rf4
Ra3 73. Bf6+ Kb3 74. Rxf2 Kc4+ 75. Ke4 b4 76. Bf7+ Kb5 77. Rf5+ Kc6 78. Bd4 a4
79. Bc5 Rh3 80. Bxb4 Rh4+ 81. Rf4 Rxf4+ 82. Kxf4 Kb5 83. Ba3 Kc6 84. Bc4 Kb6
85. Ke4 Kc6 86. Kd4 Kb6 87. Kc3 Kc6 88. Bb4 Kb6 89. Kb2 Kc6 90. Ka3 Kb6 91.
Kxa4 Kc6 92. Ka5 Kb7 93. Bd5+ Kc7 94. Bc5 Kd7 95. Kb5 Kc7 96. Bc6 Kd8 97. Kc4
Kc7 98. Kd5 Kd8 99. Kd6 Kc8 100. Bb5 Kd8 101. Bb6+ Kc8 102. Ba6+ Kb8 103. Kc6
Ka8 104. Bc8 Kb8 105. Bf5 Ka8 106. Bc5 Kb8 107. Kb6 Ka8 108. Bd4 Kb8 109. Be5+
1-0

[Event "18th Condom Closed Tournament - MI"]
[Site "Condom"]
[Date "2019.07.19"]
[Round "8.5"]
[White "Grollemund, Bertrand"]
[Black "Villegas, Pierre"]
[Result "0-1"]
[WhiteElo "2203"]
[BlackElo "2349"]
[PlyCount "70"]
[EventDate "2019.??.??"]
[WhiteTeam "Echecs Club Montpellier"]
[BlackTeam "C.E.M.C. Monaco"]

1. e4 c6 2. d4 d5 3. e5 Bf5 4. Nf3 e6 5. Be2 Ne7 6. O-O Ng6 7. Nbd2 Nf4 8. Nb3
Nxe2+ 9. Qxe2 Be7 10. Ne1 Qb6 11. Be3 Qa6 12. Qd1 Nd7 13. g4 Bg6 14. f4 f5 15.
exf6 Nxf6 16. h3 h5 17. f5 exf5 18. gxf5 Bf7 19. Nd3 Ne4 20. Ne5 Bf6 21. Nd2
Ng3 22. Re1 Nxf5 23. Ndf3 Bxe5 24. Nxe5 O-O 25. Bf2 Be8 26. Nd3 Qb6 27. Nc5 Rf6
28. Qd3 Qc7 29. Re5 Qf7 30. Rae1 Bd7 31. Qe2 h4 32. Nxd7 Qxd7 33. Qh5 Raf8 34.
Bxh4 Rh6 35. Qg5 Nxh4 0-1

[Event "18th Condom Closed Tournament - MI"]
[Site "Condom"]
[Date "2019.07.20"]
[Round "9.1"]
[White "Vedmediuc, Serghei"]
[Black "Grollemund, Bertrand"]
[Result "1-0"]
[WhiteElo "2450"]
[BlackElo "2203"]
[PlyCount "49"]
[EventDate "2019.??.??"]
[WhiteTeam "Mulhouse Philidor"]
[BlackTeam "Echecs Club Montpellier"]

1. Nf3 Nf6 2. c4 g6 3. Nc3 Bg7 4. e4 e5 5. d4 exd4 6. Nxd4 O-O 7. Be2 Re8 8. f3
c6 9. Bg5 Qb6 10. Nb3 d5 11. cxd5 cxd5 12. exd5 Na6 13. Bh4 Nb4 14. Bf2 Qd6 15.
Bc5 Qf4 16. O-O Na6 17. g3 Qf5 18. Bf2 Bd7 19. Re1 Nb4 20. Nd4 Qe5 21. Qb3
Nfxd5 22. Bc4 Qxd4 23. Bxd4 Bxd4+ 24. Kg2 Ne3+ 25. Rxe3 1-0

[Event "18th Condom Closed Tournament - MI"]
[Site "Condom"]
[Date "2019.07.20"]
[Round "9.2"]
[White "Grishchenko, Sergey"]
[Black "Laurent-Paoli, Pierre"]
[Result "1/2-1/2"]
[WhiteElo "2423"]
[BlackElo "2362"]
[PlyCount "94"]
[EventDate "2019.??.??"]
[BlackTeam "Echecs Club Montpellier"]

1. d4 Nc6 2. Nf3 Nf6 3. c4 e6 4. Nbd2 d6 5. e4 g6 6. b4 e5 7. d5 Ne7 8. c5 Bg7
9. Bb5+ Bd7 10. Qa4 O-O 11. Bxd7 Nxd7 12. cxd6 Nxd5 13. O-O N5b6 14. dxc7 Nxa4
15. cxd8=Q Rfxd8 16. Nc4 b5 17. Na5 Ndb6 18. Be3 Rac8 19. Nb7 Rd7 20. Nc5 Nxc5
21. Bxc5 Na4 22. Be3 Nc3 23. Nd2 Bf8 24. a3 a6 25. f3 Rd3 26. Rfe1 Rcd8 27. Nf1
Na4 28. Rec1 Nc3 29. Rc2 Rc8 30. Kh1 Rcd8 31. Kg1 f5 32. exf5 gxf5 33. Re1 Bg7
34. Bc1 e4 35. fxe4 Nxe4 36. g3 Rc3 37. Rxc3 Bxc3 38. Re2 Rd1 39. Rc2 Kf7 40.
Kg2 Ke6 41. Ne3 Rd7 42. Kf3 h5 43. Ke2 Ke5 44. Nd1 Kd4 45. Nb2 a5 46. bxa5 Bxa5
47. Nd1 Nc3+ 1/2-1/2

[Event "18th Condom Closed Tournament - MI"]
[Site "Condom"]
[Date "2019.07.20"]
[Round "9.4"]
[White "Boyer, Mahel"]
[Black "Le Hetet, Nicolas"]
[Result "1-0"]
[WhiteElo "2295"]
[BlackElo "2392"]
[PlyCount "157"]
[EventDate "2019.??.??"]
[WhiteTeam "Echiquier Nîmois"]
[BlackTeam "Echiquier Agenais"]

1. d4 d5 2. c4 c6 3. cxd5 cxd5 4. Bf4 Nf6 5. Nc3 Nc6 6. e3 a6 7. Be2 Bf5 8. g4
Be4 9. f3 Bg6 10. h4 h6 11. Nh3 e6 12. Bg3 Bd6 13. Nf4 Qc7 14. Kf2 Bh7 15. Rc1
g5 16. hxg5 hxg5 17. Nh5 Ke7 18. Bxd6+ Qxd6 19. Nxf6 Kxf6 20. Qg1 Bg6 21. Qg3
Qxg3+ 22. Kxg3 Rxh1 23. Rxh1 Na5 24. Rc1 b5 25. b4 Nc4 26. Bxc4 dxc4 27. e4 Ke7
28. a4 a5 29. Rb1 bxa4 30. Nxa4 Rb8 31. b5 f6 32. Nc3 Be8 33. Ra1 e5 34. dxe5
fxe5 35. Rxa5 Kd6 36. Ra6+ Kc5 37. Re6 Bd7 38. Rxe5+ Kd4 39. Rd5+ Kxc3 40. Rxd7
Rxb5 41. f4 gxf4+ 42. Kxf4 Rb1 43. g5 Rf1+ 44. Ke5 Rg1 45. Rg7 Kd3 46. g6 c3
47. Rd7+ Ke3 48. Rc7 Kd2 49. g7 c2 50. Kf6 Rf1+ 51. Ke6 Rg1 52. Kf7 Rf1+ 53.
Ke8 Rg1 54. Kf8 Rf1+ 55. Kg8 c1=Q 56. Rxc1 Rxc1 57. e5 Re1 58. e6 Rxe6 59. Kf7
Re3 60. g8=Q Rf3+ 61. Ke6 Re3+ 62. Kd5 Rd3+ 63. Kc4 Rc3+ 64. Kb4 Rd3 65. Qg2+
Ke3 66. Qg5+ Ke4 67. Qg6+ Kd4 68. Qe6 Rd2 69. Qc4+ Ke3 70. Kc3 Re2 71. Qd4+ Kf3
72. Kd3 Re1 73. Qd5+ Kg3 74. Qg5+ Kf3 75. Qh5+ Kg3 76. Qf5 Kg2 77. Kd2 Rg1 78.
Ke2 Kg3 79. Qf2+ 1-0

[Event "18th Condom Closed Tournament - MI"]
[Site "Condom"]
[Date "2019.07.20"]
[Round "9.5"]
[White "Nieves Cabanes, Jose Manuel"]
[Black "Favarel, Julien"]
[Result "1-0"]
[WhiteElo "2289"]
[BlackElo "2366"]
[PlyCount "121"]
[EventDate "2019.??.??"]
[BlackTeam "Bordeaux ASPOM Echecs"]

1. d4 Nf6 2. c4 e6 3. Nf3 a6 4. Nc3 d5 5. cxd5 exd5 6. Bg5 Be6 7. e3 Bd6 8. Bd3
Nbd7 9. O-O h6 10. Bf4 Qe7 11. Qb3 Rb8 12. h3 O-O 13. Ne5 c6 14. Bh2 c5 15. Qd1
c4 16. Bc2 Rfe8 17. f4 Nf8 18. Qf3 Rbd8 19. Rae1 Bb4 20. g4 N8h7 21. Re2 Bxc3
22. bxc3 Qa3 23. h4 Qxc3 24. g5 hxg5 25. fxg5 Ne4 26. Bxe4 dxe4 27. Qxe4 Nf8
28. Qxb7 Nd7 29. Qb2 Qxb2 30. Rxb2 Nxe5 31. Bxe5 Bd5 32. Rc1 Rc8 33. Rc3 Re6
34. Kf2 f6 35. Bf4 fxg5 36. hxg5 Kf7 37. Kg3 Rh8 38. Rc1 Kg6 39. Kg4 Rc6 40.
Rb7 c3 41. Be5 Rg8 42. Rc7 Rxc7 43. Bxc7 Bxa2 44. Rxc3 Bd5 45. Rc5 Bb7 46. Bf4
Rc8 47. Re5 Kf7 48. d5 Rd8 49. e4 g6 50. Be3 Rc8 51. Re6 Rc4 52. Kf3 a5 53.
Rf6+ Kg7 54. Rb6 Bc8 55. Bf4 a4 56. Be5+ Kf7 57. Rf6+ Ke8 58. Rxg6 a3 59. Rg8+
Kf7 60. Rg7+ Ke8 61. Ra7 1-0